| 000 | 00533nam a2200181 a 4500 | ||
|---|---|---|---|
| 005 | 20140310183435.0 | ||
| 008 | 080620s19uu xx 00 eng d | ||
| 020 | _a818955705x | ||
| 050 |
_aLC 3993.9 _b.C665 2005 |
||
| 100 | _aChopra, R.K. | ||
| 245 |
_aIssues in education of bright children / _cR.K. Chopra |
||
| 260 |
_aNew Delhi, India : _bArise Publishers & Distributor, _c2005. |
||
| 300 |
_a296 p. : _c22 cm. |
||
| 521 | _aEDU | ||
| 650 |
_aGifted children _xStudy and teaching. |
||
| 942 |
_cBK _2lcc _kFOR |
||
| 999 |
_c22840 _d22840 |
||